000 00923nam a2200265 i 4500
001 bg
100 1 _aRUCIŃSKA, Danuta
_d(1946- )
245 1 0 _aZarządzanie marketingowe na rynku usług transportowych /
_cDanuta Rucińska, Andrzej Ruciński, Olgierd Wyszomirski.
260 _aGdańsk :
_bWydaw. Uniwersytetu Gdańskiego,
_c2004.
300 _a282, [1] s. :
_bmapa, rys., tab., wykr. ;
_c24 cm.
504 _aBibliogr. s. 272-279.
650 9 _aTransport
_xmarketing
650 9 _aTransport
_xzarządzanie
655 _aPodręczniki akademickie
700 1 _aRUCIŃSKI, Andrzej
700 1 _aWYSZOMIRSKI, Olgierd
_d(1951- )
020 _a8373262156
040 _cBPK
041 0 _apol
080 _a656.01:658.1/.5.012:339.138](075.8)
920 _a83-7326-215-6
942 _cKS
008 s pl f |000 0 pol
999 _c44831
_d44831
856 _uhttp://koha.tu.koszalin.pl/cgi-bin/koha/opac-detail.pl?biblionumber=44831
_yKatalog online BPK